Диагностика нанопорошков и наноматериалов: учебное пособие
| Erakunde egilea: | |
|---|---|
| Beste egile batzuk: | , , , |
| Gaia: | Заглавие с титульного экрана Учебное пособие посвящено методам физико-химического анализа нанопорошков и наноматериалов. На основе экспериментальных данных впервые показаны особенности диагностики нанопорошков с помощью традиционных методов. Пособие содержит ряд оригинальных методик, разработанных в НИИ высоких напряжений и в Томском политехническом университете. Пособие разработано в рамках реализации Инновационной образовательной программы ТПУ по направлению «Материаловедение, наноматериалы и нанотехнологии» и предназначено для студентов старших курсов, магистрантов, аспирантов и специалистов в области диагностики нанопорошков и наноматериалов, а также для специалистов в области физики конденсированного состояния вещества. Режим доступа: из корпоративной сети ТПУ |
| Hizkuntza: | errusiera |
| Argitaratua: |
Томск, Изд-во ТПУ, 2008
|
| Gaiak: | |
| Sarrera elektronikoa: | http://www.lib.tpu.ru/fulltext2/m/2010/m167.pdf |
| Formatua: | Baliabide elektronikoa Liburua |
| KOHA link: | https://koha.lib.tpu.ru/cgi-bin/koha/opac-detail.pl?biblionumber=185009 |
MARC
| LEADER | 00000nlm0a2200000 4500 | ||
|---|---|---|---|
| 001 | 185009 | ||
| 005 | 20231101223904.0 | ||
| 035 | |a (RuTPU)RU\TPU\book\200645 | ||
| 090 | |a 185009 | ||
| 100 | |a 20100929d2008 m y0rusy50 ca | ||
| 101 | 0 | |a rus | |
| 102 | |a RU | ||
| 105 | |a a j 001zy | ||
| 135 | |a vrcn ---uucaa | ||
| 181 | 0 | |a i | |
| 182 | 0 | |a b | |
| 200 | 1 | |a Диагностика нанопорошков и наноматериалов |b Электронный ресурс |e учебное пособие |f А. П. Ильин [и др.] |g Томский политехнический университет (ТПУ) | |
| 203 | |a Текст |c электронный | ||
| 210 | |a Томск |c Изд-во ТПУ |d 2008 | ||
| 230 | |a 1 компьютерный файл (pdf; 28.1 Mb) | ||
| 300 | |a Заглавие с титульного экрана | ||
| 330 | |a Учебное пособие посвящено методам физико-химического анализа нанопорошков и наноматериалов. На основе экспериментальных данных впервые показаны особенности диагностики нанопорошков с помощью традиционных методов. Пособие содержит ряд оригинальных методик, разработанных в НИИ высоких напряжений и в Томском политехническом университете. Пособие разработано в рамках реализации Инновационной образовательной программы ТПУ по направлению «Материаловедение, наноматериалы и нанотехнологии» и предназначено для студентов старших курсов, магистрантов, аспирантов и специалистов в области диагностики нанопорошков и наноматериалов, а также для специалистов в области физики конденсированного состояния вещества. | ||
| 333 | |a Режим доступа: из корпоративной сети ТПУ | ||
| 337 | |a Adobe Reader | ||
| 606 | 1 | |a Нанопорошки |2 stltpush |3 (RuTPU)RU\TPU\subj\52425 |9 70876 | |
| 606 | 1 | |a Наноматериалы |2 stltpush |3 (RuTPU)RU\TPU\subj\65850 |9 82201 | |
| 610 | 1 | |a материаловедение | |
| 610 | 1 | |a наноматериалы | |
| 610 | 1 | |a нанопорошки | |
| 610 | 1 | |a экспериментальные данные | |
| 610 | 1 | |a диагностика | |
| 610 | 1 | |a методы получения | |
| 610 | 1 | |a структурные особенности | |
| 610 | 1 | |a малые частицы | |
| 610 | 1 | |a технические характеристики | |
| 610 | 1 | |a плотность | |
| 610 | 1 | |a текучесть | |
| 610 | 1 | |a структурные характеристики | |
| 610 | 1 | |a методы анализа | |
| 610 | 1 | |a инструментальные методы | |
| 610 | 1 | |a дифракционные методы | |
| 610 | 1 | |a рентгенография | |
| 610 | 1 | |a фотоэлектронная спектроскопия | |
| 610 | 1 | |a электронная микроскопия | |
| 610 | 1 | |a химический состав | |
| 610 | 1 | |a поглощение | |
| 610 | 1 | |a отражение | |
| 610 | 1 | |a спектроскопия | |
| 610 | 1 | |a алюминий | |
| 610 | 1 | |a учебные пособия | |
| 610 | 1 | |a труды учёных ТПУ | |
| 610 | 1 | |a электронный ресурс | |
| 610 | 1 | |a спектры | |
| 675 | |a 621.762(075.8) |v 3 | ||
| 675 | |a 620.22.(075.8) |v 3 | ||
| 701 | 1 | |a Ильин |b А. П. |c химик |c профессор Томского политехнического университета, доктор физико-математических наук |f 1949- |g Александр Петрович |2 stltpush |3 (RuTPU)RU\TPU\pers\25487 | |
| 701 | 1 | |a Коршунов |b А. В. |c химик |c профессор Томского политехнического университета, кандидат химических наук |f 1970- |g Андрей Владимирович |2 stltpush |3 (RuTPU)RU\TPU\pers\25489 | |
| 701 | 1 | |a Толбанова |b Л. О. |c химик |c доцент Томского политехнического университета, кандидат технических наук |f 1982- |g Людмила Олеговна |2 stltpush |3 (RuTPU)RU\TPU\pers\25503 | |
| 701 | 1 | |a Перевезенцева |b Д. О. |c химик |c доцент Томского политехнического университета, кандидат химических наук |f 1979- |g Дарья Олеговна |2 stltpush |3 (RuTPU)RU\TPU\pers\27386 | |
| 712 | 0 | 2 | |a Томский политехнический университет (ТПУ) |c (1991-2009) |2 stltpush |3 (RuTPU)RU\TPU\col\376 |
| 801 | 1 | |a RU |b 63413507 |c 20100929 | |
| 801 | 2 | |a RU |b 63413507 |c 20160324 |g RCR | |
| 856 | 4 | |u http://www.lib.tpu.ru/fulltext2/m/2010/m167.pdf | |
| 900 | |a Дифракционные, спектроскопические и зондовые методы и оборудование для диагностики структуры и свойства наноматериалов | ||
| 900 | |a Дифракционные, спектроскопические и зондовые методы исследования материалов | ||
| 900 | |a Диагностика микро- и нанообъектов | ||
| 942 | |c CF | ||